| 000 | 01180naa a2200289 c 4500 | ||
|---|---|---|---|
| 001 | 47504 | ||
| 003 | ES-MaCES | ||
| 005 | 20160420134606.0 | ||
| 008 | 160420s2016 sp ||||| t||||||| ||spa d | ||
| 040 |
_aES-MaCES _bspa _cES-MaCES _dES-MaCES |
||
| 100 | 1 |
_922367 _aRodriguez Iniesta, Guillermo |
|
| 245 | 1 | 0 |
_aSobre la compatibilidad de las prestaciones por incapacidad permanente _b= On the compatibility of permanent disability benefits _cGuillermo Rodríguez Iniesta |
| 500 | _aResumen | ||
| 504 | _aBibliografía: p. 212 | ||
| 650 | 4 |
_928406 _atrabajador con discapacidad |
|
| 650 | 4 |
_927036 _aprestaciones de invalidez |
|
| 650 | 4 |
_927042 _arégimen de pensión |
|
| 650 | 4 |
_928316 _acontrato de trabajo |
|
| 650 | 4 |
_928387 _asalario |
|
| 650 | 4 |
_928367 _aconflicto de trabajo |
|
| 650 | 4 |
_927166 _alegislación del trabajo |
|
| 650 | 4 |
_929894 _arégimen jurídico |
|
| 653 | 1 | 0 | _aSeguridad Social |
| 773 | 0 |
_984316 _dMadrid (Ignacio Ellacuría, 3, 28017) Civitas _o087218 _tNueva revista española de Derecho del trabajo _w(ES-MaCES)25060 _gn. 184 (feb. 2016) {10040 R. 087218} ;p. 179-212 |
|
| 902 | _aART Artículo de revista | ||
| 942 |
_2CES _cAR _h3.0. |
||
| 999 |
_c47504 _d47504 |
||